000
00265nam a22001217a 4500
020
_a
9690001507
040
_c
NUST
082
_a
CH 297
_b
PAY
245
_a
Piaray Nabi
260
_a
Lahore:
_b
Ferozsons,
_c
1990.
650
_a
islamic book
_9
109618
942
_2
ddc
_c
BK
999
_c
610754
_d
610754